000 00739nas a2200253 4500
001 BR9700407
003 BR-BrBNA
005 20231205095943.0
007 ta
008 230509b bl.|||p| |||| 00| 00por d
040 _aBR-BrBNA
_bpor
_cBiblioteca Nacional de Agricultura
041 _a(Pt)
072 _aL73; L70
100 1 _aFiletti, E.R.
100 1 _aFiletti, C.R.
245 1 _aTratamento de patologia gengival em cao. Gengivectomia em cadela
650 _aDoenca Peridentaria
650 _aAnestesico
650 _aCao
650 _aVeterinaria
773 0 _tHora Veterinaria (Brazil)
_xISSN 0101-9163
_g(Jan-Feb 1996), v. 15(89) p. 36-38
_wBR9700407
909 _a202311
_bLúcia
_c55
_dLúcia Elande
942 _2AGRIS
_n0
_cANA
999 _c153640
_d153640